| 000 | 00734nam a2200205 a 4500 | ||
|---|---|---|---|
| 001 | 000041704 | ||
| 005 | 20201002035716.0 | ||
| 008 | 131016s2003 sp a 000 0 spa d | ||
| 020 | _a8400081420 | ||
| 040 |
_aDO-SdBNP _bspa _cBNPHU |
||
| 082 |
_axxx _bL791h |
||
| 100 | 1 |
_aLlera, José Antonio _968521 |
|
| 245 | 1 | 3 |
_aEl humor verbal y visual de la Codorniz / _cJosé Antonio Llera. |
| 260 |
_aMadrid : _bConsejo Superior de Investigaciones Científicas, _c2003. |
||
| 300 |
_a447 p. : _bil. ; _c24 cm. |
||
| 490 | 1 |
_aAnejos de Revista de literatura _v58 |
|
| 500 | _aIncluye referencias bibliográficas y notas al pie de las páginas. | ||
| 504 | _aBibliografía: p. 397-433 | ||
| 830 | 0 |
_aAnejos de Revista de literatura _n58 _968522 |
|
| 999 |
_c41193 _d41193 |
||